Geography League - Statistics

General Stats
  • This quiz has been taken 27 times
    24 since last reset
  • The average score is 22 of 26
Answer Stats
Player Country % Correct
AYYJAYY USA
100%
yanxnz Brazil
95%
SquishyMuffinz Canada
95%
trk511 Saudi Arabia
95%
retals USA
95%
Aztral Belgium
90%
Lethamyr Canada
90%
Joyo England
90%
Fairy Peak! France
90%
Scrub Killa Scotland
90%
MaRc_By_8 Spain
90%
Rizzo USA
90%
Scrub Australia
85%
Metsanauris Finland
85%
Mawkzy France
85%
zen France
85%
Kuxir97 Italy
85%
crr Spain
85%
Reysbull Chile
80%
Rezears Germany
80%
OSM Iceland
80%
Flakes Netherlands
80%
AcroniK Portugal
80%
Rw9 Saudi Arabia
80%
Kamii New Zealand
75%
itachi Morocco
70%
No matching quizzes found
Score Distribution
Percent of People with Each Score
Percentile by Number Answered
Your Score History
You have not taken this quiz since the last reset